| 000 | 00348nam a2200145Ia 4500 | ||
|---|---|---|---|
| 008 | 150201s2011 xx 000 0 und d | ||
| 082 |
_a610.7 _bL11R |
||
| 100 | _aRAMCHANDRAM , PV. | ||
| 245 | _aLIPPINCOTT MANUAL OF NURSING PRACTICE | ||
| 250 | _a9TH | ||
| 260 |
_bWOLTERS _aINDIA _c2011 |
||
| 300 | _a1903 | ||
| 650 | _aNURSING | ||
| 942 |
_2ddc _cBK |
||
| 999 |
_c2040 _d2040 |
||